000 00511nam a2200169 i 4500
001 69991
003 ES-MaACL
005 20230906170701.0
007 t|
008 040714s1970 sp ||||1| spa d
100 1 _aGarcía Martínez, Benito.
_954908
245 1 0 _aJunto a la cuna
_b: (cancionero de la madre) /
_cpor Benito García Martínez.
260 _aToledo :
_b[s.n.,
_c1970] (
_fTip. Gómez-Menor)
300 _a395 p. ;
_c21 cm.
650 _aCanciones de cuna.
_9171438
852 _aES-MaACL
_jC-48044
999 _c69991
_d69991